YILDIZLAR OKULU BİRİNCİ DÖNEM (Record no. 1189637)

MARC details
000 -LEADER
sabit uzunluktaki kontrol alanı 00275nam a2200097Ia 4500
001 - KONTROL NUMARASI
kontrol alanı 1189637
005 - EN SON İŞLEMİN TARİH VE ZAMANI
kontrol alanı 20250827021053.0
008 - SABİT-UZUNLUKTA VERİ ÖĞELERİ--GENEL BİLGİ
sabit uzunluktaki kontrol alanı 250824s9999 xx 000 0 und d
245 #0 - ESER / YAZAR
ESER ADI YILDIZLAR OKULU BİRİNCİ DÖNEM
Yazar Adı HOLLY KELLY WİLLOUGHBY
260 ## - YAYIN, DAĞITIM, VB.
YAYIN EVİ MARTI ÇOCUK YAYINLARI
Holdings
Düşüm durumu Kayıp durumu Hasar Durumu Ödünç verilmez Ana kütüphane Geçerli Kütüphane Edinilen tarih Toplam ödünç verme sayısı Barkod Son görüntüleme tarihi Fiyatın geçerli olmaya başladığı tarih Koha materyal türü
        AHMET HAZIM ULUŞAHİN İMAM HATİP ORTAOKULU AHMET HAZIM ULUŞAHİN İMAM HATİP ORTAOKULU 24.08.2025   10993339 27.08.2025 27.08.2025 Books